Sports Illustrated: Almanac 2009 : (Record no. 588766)

MARC details
000 -LEADER
fixed length control field 00504nam a2200193 a 4500
008 - FIXED-LENGTH DATA ELEMENTS--GENERAL INFORMATION
fixed length control field 250922s2008##################000#0#eng##
020 ## - INTERNATIONAL STANDARD BOOK NUMBER
ISBN 9781603207928
082 04 - DEWEY DECIMAL CLASSIFICATION NUMBER
Classification number 796
Item number SPO
100 1# - MAIN ENTRY--AUTHOR NAME
Personal name Illustrated, Editors of Sports,
245 10 - TITLE STATEMENT
Title Sports Illustrated: Almanac 2009 :
260 ## - PUBLICATION, DISTRIBUTION, ETC. (IMPRINT)
Name of publisher Sports Illustrated,
Year of publication 2008.
300 ## - PHYSICAL DESCRIPTION
Number of Pages 580 pages
650 #0 - SUBJECT ADDED ENTRY--TOPICAL TERM
Topical Term Sports & Recreation.
942 ## - ADDED ENTRY ELEMENTS (KOHA)
Koha item type English Books
Holdings
Withdrawn status Lost status Damaged status Not for loan Home library Current library Shelving location Date acquired Full call number Accession Number Price effective from Koha item type
        Anna Centenary Library Anna Centenary Library 6TH FLOOR, B WING 22.09.2025 796 SPO 361405 22.09.2025 English Books

Find us on the map